USHEPiA: building a research capacity network in Africa (Record no. 61136)

MARC details
000 -LEADER
fixed length control field 00876nam a2200205 a 4500
008 - FIXED-LENGTH DATA ELEMENTS--GENERAL INFORMATION
fixed length control field 070316s1999 ||||||||||||||||| || u
050 ## - LIBRARY OF CONGRESS CALL NUMBER
Classification number ADEA (02)
100 ## - MAIN ENTRY--PERSONAL NAME
Personal name Shackleton, Lesley
245 10 - TITLE STATEMENT
Title USHEPiA: building a research capacity network in Africa
Statement of responsibility, etc. Martin West and Leley Shackleton
260 ## - PUBLICATION, DISTRIBUTION, ETC.
Place of publication, distribution, etc. Washington,D.C.:
Name of publisher, distributor, etc. ADEA
Date of publication, distribution, etc. 1999
300 ## - PHYSICAL DESCRIPTION
Extent [17]p.
350 ## - PRICE (NR) (BK AM CF MU VM SE) [OBSOLETE]
Price 0.00
490 ## - SERIES STATEMENT
Series statement ADEA Working group on Higher Education
650 ## - SUBJECT ADDED ENTRY--TOPICAL TERM
Topical term or geographic name entry element MANAGEMENT INFORMATION SYSTEMS
650 ## - SUBJECT ADDED ENTRY--TOPICAL TERM
Topical term or geographic name entry element UNIVERSITIES AND COLLEGES--DEVELOPING COUNTRIES--FINANCE
650 ## - SUBJECT ADDED ENTRY--TOPICAL TERM
Topical term or geographic name entry element UNIVERSITIES AND COLLEGES--OVER ENROLLMENT--AFRICA
700 ## - ADDED ENTRY--PERSONAL NAME
Personal name West, Martin
710 ## - ADDED ENTRY--CORPORATE NAME
Corporate name or jurisdiction name as entry element Association for the Development of Education in Africa (ADEA)
995 ## - RECOMMENDATION 995 [LOCAL, UNIMARC FRANCE]
-- 0.00
-- CBU-MAIN LIBRARY (Kitwe)
-- 1
-- 0.00
-- 1
-- AVAILABLE
-- Mar 16, 2007
-- International Publications
Holdings
Withdrawn status Lost status Source of classification or shelving scheme Damaged status Not for loan Home library Current library Shelving location Date acquired Total Checkouts Full call number Barcode Date last seen Price effective from Koha item type
          CBU-MAIN LIBRARY, KITWE. CBU-MAIN LIBRARY, KITWE.   11/30/2022   ADEA (02) 55157 11/30/2022 11/30/2022 MONOGRAPH